000 00291nam a22001337a 4500
008 181102b xxu||||| |||| 00| 0 eng d
020 _a9781576103487
041 _aeng
080 _a004
100 _a28
101 _aSHK
245 _aWindows 2000 Registry
_cWallace, N
942 _2udc
_cBK
999 _c51658
_d51658